Pes sídliskový

Bibliographic Details
Main Author: Bebjak, Stanislav (Author)
Other Authors: Zacharová, Dana, 1947- (gup)
Format: Article
Language:Slovak
Subjects:

MARC

LEADER 00000nab a2200000 a 4500
001 vtls000039451
003 SK-MaSNL
005 20260303182018.0
008 111103c1979 xo 0 slo
015 |a SNBRB19rr/mm-uuuuu 
035 |a CL0049546 
040 |a SNKBUCL  |b slo  |c SNKBUCL  |e AACR2 
041 0 |a slo 
044 |a xo  |c SK 
080 |a 885.4-7  |2 1981 
100 1 |a Bebjak, Stanislav  |4 aut  |9 267580 
245 1 0 |a Pes sídliskový  |c Stanislav Bebjak ; D. Zacharová 
650 0 7 |a humoresky  |2 snkbucl  |9 73390 
655 7 |a články z novín a časopisov  |2 snkbucl  |9 267496 
655 7 |a články z odboru literárna veda a krásna literatúra  |2 snkbucl  |9 770045 
700 1 |a Zacharová, Dana,  |d 1947-  |4 gup  |9 136732 
773 0 |t Televízia  |g Roč. 13, č. 34 (1979), s. 31 
850 |a Slovenská národná knižnica v Martine  |a MTA001 
852 |a SNK  |b KIS3GCP 
958 |a RK 
958 |a LX 
992 |a RBX 
999 |c 2115255  |d 2117185